Normal view
MARC view
Entry Personal Name
001 - CONTROL NUMBER
- control field: 45434
003 - CONTROL NUMBER IDENTIFIER
- control field: ARRUPE
005 - DATE AND TIME OF LATEST TRANSACTION
- control field: 20190327154443.0
008 - FIXED-LENGTH DATA ELEMENTS
- fixed length control field: 190327|| aca||aabn | a|a d
040 ## - CATALOGING SOURCE
- Original cataloging agency: ARRUPE
- Transcribing agency: ARRUPE
100 ## - HEADING--PERSONAL NAME
- Personal name: Selzer, Richard
670 ## - SOURCE DATA FOUND
- Source citation: Work cat.: (ARRUPE): Selzer, Richard , Raising the dead , c1993